| 000 | 00585nam a2200181Ia 4500 | ||
|---|---|---|---|
| 008 | 220216s9999 xx 000 0 und d | ||
| 100 | _aHidayati Umi | ||
| 245 | 4 | _aThe Use of phosphate solubilizing bacteria to improve rubber growth | |
| 260 | _bIRRDB Natural Rubber Conference 2008, 13-15 October 2008, Kuala Lumpur, Malaysia: Abstract of papers | ||
| 500 | _aSource Year: 2008 | ||
| 650 | _aFertilizer | ||
| 650 | _aPhosphate solubilizing bacteria | ||
| 650 | _aProduction input | ||
| 650 | _aRubber growth | ||
| 700 | _aWijaya Thomas | ||
| 856 | _uAbst only | ||
| 942 | _cJS | ||
| 999 |
_c71137 _d71137 |
||